| 000 -LEADER |
| fixed length control field |
01108nam a2200289Ia 4500 |
| 001 - CONTROL NUMBER |
| control field |
17423 |
| 003 - CONTROL NUMBER IDENTIFIER |
| control field |
GE_BSU |
| 005 - DATE AND TIME OF LATEST TRANSACTION |
| control field |
20200213125507.0 |
| 008 - FIXED-LENGTH DATA ELEMENTS--GENERAL INFORMATION |
| fixed length control field |
181216s2012ru xx |||||||||||||| ||rus|| |
| 020 ## - INTERNATIONAL STANDARD BOOK NUMBER |
| International Standard Book Number |
9785865475750 |
| 040 ## - CATALOGING SOURCE |
| Transcribing agency |
GE_BSU |
| 041 ## - LANGUAGE CODE |
| Language code of text/sound track or separate title |
rus |
| 080 ## - UNIVERSAL DECIMAL CLASSIFICATION NUMBER |
| Universal Decimal Classification number |
811.161.1 Л-68 |
| 100 ## - MAIN ENTRY--PERSONAL NAME |
| Personal name |
Лобанова, Л. |
| 9 (RLIN) |
7040 |
| 245 ## - TITLE STATEMENT |
| Title |
Политология : |
| Remainder of title |
Учебное пособие по языку специальности / |
| Statement of responsibility, etc. |
Л. Лобанова ; И. Могилева ; Т.Черненко ; Ред . О.С.Капполь. |
| 264 ## - PRODUCTION, PUBLICATION, DISTRIBUTION, MANUFACTURE, AND COPYRIGHT NOTICE |
| Place of production, publication, distribution, manufacture |
Санкт-Петербург : |
| Name of producer, publisher, distributor, manufacturer |
Златоуст, |
| Date of production, publication, distribution, manufacture, or copyright notice |
2012. |
| 300 ## - PHYSICAL DESCRIPTION |
| Extent |
160 стр.: |
| Other physical details |
илл.; |
| Dimensions |
25 см. |
| 300 ## - PHYSICAL DESCRIPTION |
| Accompanying material |
1+ CD-ROM |
| 440 ## - SERIES STATEMENT/ADDED ENTRY--TITLE |
| Title |
Читаем тексты по специальности. Выпуск:7 |
| 9 (RLIN) |
7041 |
| 653 ## - INDEX TERM--UNCONTROLLED |
| keyword |
Политология : |
| 653 ## - INDEX TERM--UNCONTROLLED |
| keyword |
ფსიქოლოგია |
| 653 ## - INDEX TERM--UNCONTROLLED |
| keyword |
რუსული ენა |
| 700 ## - ADDED ENTRY--PERSONAL NAME |
| Personal name |
Могилева, И |
| 9 (RLIN) |
7042 |
| 700 ## - ADDED ENTRY--PERSONAL NAME |
| Personal name |
Черненко, Т |
| 9 (RLIN) |
7043 |
| 700 ## - ADDED ENTRY--PERSONAL NAME |
| Personal name |
Капполь, О.С. |
| Relator term |
რედაქტორი |
| 9 (RLIN) |
7034 |
| 942 ## - ADDED ENTRY ELEMENTS (KOHA) |
| Koha item type |
წიგნი |
| Source of classification or shelving scheme |
|